000 00278pam a2200109a 44500
008 230405s2017 xxu||||| |||| 00| 0 eng d
041 _aENG
100 _aS.B GOKHALE
245 _aDISPENSING AND COMMUNITY PHARMACY
260 _a
_bNIRALI PRAKASHAN PUNE
_c2017
906 _a5499
999 _c280770
_d280770